| 000 | 01204nam0a2200325 4500 | ||
|---|---|---|---|
| 001 | RU\NLR\bibl\521588 | ||
| 005 | 20250609145000.0 | ||
| 010 | _a5-94799-300-7 | ||
| 010 |
_a5-94799-320-1 _bСерия _910000 |
||
| 021 |
_aRU _b2004-20828 _91056 |
||
| 035 | _a(NLR Aleph) 000513987 | ||
| 090 |
_a1251048 _c1251048 |
||
| 100 | _a20040519d2004 |||y0rusy50 ca | ||
| 101 | 1 |
_arus _ceng |
|
| 102 | _aRU | ||
| 105 | _ay ||||||||| | ||
| 200 | 1 |
_aБезопасность вашего ребенка _eКак воспитать уверен. и осторожных детей _fПола Статмен _g[Пер. с англ. С.А. Юрчука] |
|
| 210 |
_aЕкатеринбург _cУ-Фактория _d2004 |
||
| 215 |
_a263, [1] с. _d21 |
||
| 225 | 1 | _aСовременный взгляд | |
| 225 | 1 | _aПсихология детства | |
| 606 | 0 |
_aБезопасность жизнедеятельности _xВоспитание в семье _92084576 _3RU\NLR\auth\661260665 |
|
| 686 | _aЧ491.8 | ||
| 700 | 1 |
_aСтатмен _bП. _gПола _4070 |
|
| 801 | 0 |
_aRU _bNLR _c20040519 _gPSBO |
|
| 801 | 1 |
_aRU _bNLR _c20040519 |
|
| 942 | _cBOOK | ||
| 980 | _aNB | ||